Culture Générale - Série 483 - Statistiques

Statistiques générales
  • Ce quiz a été pris 189 fois
  • Le résultat moyen est 5 sur 10
Statistiques - réponses
Question Réponse % Correct
Par quelle lettre le permis moto est‐il désigné ? A
94%
D'après le titre d'un feuilleton télévisé de Cécile Aubry, quel petit garçon est l'ami de la chienne Belle ? Sébastien
90%
Quelle espèce de singe est Cheetah qui joue au côté de Johnny Weissmuller dans "Tarzan" ? chimpanzé
84%
Quel est le nom de la première chienne à avoir voyagé dans l'espace ? Laïka
66%
En 1908, dans quelle ville a‐t‐on couru le premier marathon qui se déroulait sur une distance de 42,195 km ? Londres
54%
Dans le dessin animé "Les Aristochats", quel est le nom de la mère de Marie, Toulouse et Berlioz ? Duchesse
41%
Dans la série télévisée "Le Manège enchanté", quel animal est Azalée ? vache
39%
Quelle course mythique d'endurance à moto a été créée en France en 1922 ? Le Bol d'or
30%
Quel crooner est le complice de Jerry Lewis au début de sa carrière ? Dean Martin
17%
Quel est le prénom de la souris amie de Dumbo, l'éléphant volant, dans le dessin animé de Walt Disney ? Timothée
5%
Aucun quiz correspondant
Distribution des résultats
% des personnes avec chaque résultat
Percentile par nombre de réponses
Votre historique - résultats
Vous n’avez pas pris ce quiz